मेरा जीवन मेरा जीवन (Record no. 374554)

MARC details
000 -LEADER
fixed length control field 00674nam a2200229Ia 4500
003 - CONTROL NUMBER IDENTIFIER
control field OSt
005 - DATE AND TIME OF LATEST TRANSACTION
control field 20220923224913.0
008 - FIXED-LENGTH DATA ELEMENTS--GENERAL INFORMATION
fixed length control field 220922b |||||||| |||| 00| 0 hin d
037 ## - SOURCE OF ACQUISITION
Terms of availability Textual
040 ## - CATALOGING SOURCE
Original cataloging agency ARTS
Transcribing agency ARTS
Language of cataloging hin
041 ## - LANGUAGE CODE
Source of code hin
Language code of text/sound track or separate title hin
100 ## - MAIN ENTRY--PERSONAL NAME
Personal name आडवाणी, लालकृष्ण
9 (RLIN) 156292
245 #0 - TITLE STATEMENT
Title मेरा जीवन मेरा जीवन
246 ## - VARYING FORM OF TITLE
Title proper/short title Merā jīvan merā jīvana
260 ## - PUBLICATION, DISTRIBUTION, ETC.
Date of publication, distribution, etc. 2008
942 ## - ADDED ENTRY ELEMENTS (KOHA)
Classification part V2y7N27, 152P8
Koha item type Textual
Source of classification or shelving scheme Colon Classification (CC)
Holdings
Withdrawn status Lost status Damaged status Not for loan Home library Current library Date acquired Total Checkouts Full call number Barcode Date due Date last seen Date last checked out Price effective from Koha item type
        Arts Library Arts Library 2022-09-23 1 V2y7N27 152P8 AL1486179 2025-12-14 2025-11-14 2025-11-14 2022-09-23 Textual
Copyright @ Delhi University Library System